[Event "Aerosvit 2007"]
[Site "Foros RUS"]
[Date "2007.06.26"]
[Round "8"]
[White "GM Dominguez Perez, Lenier(CUB)"]
[Black "GM Jakovenko, Dmitry(RUS)"]
[Result "1/2-1/2"]
[WhiteElo "2678"]
[BlackElo "2708"]
[Annotator "Ëåáåäåâ Âàñèëèé"]
[PlyCount "109"]
[EventDate "2007.06.26"]

{Çíàìåíèòûé «÷åëÿáèí». Òîíêîñòè åãî ìîæíî îñâåæèòü â ïàìÿòè õîòÿ áû òóò:
https://www.crestbook.com/?q=node/270, ïàðòèÿ ¹ 42. Èëè, «íà õóäîé êîíåö» ;)
â êíèãå Ãàððè Êàñïàðîâà «Äåáþòíàÿ ðåâîëþöèÿ 70-õ» (ñòð. 38-78).} 1. e4 c5
2. Nf3 Nc6 3. d4 cxd4 4. Nxd4 Nf6 5. Nc3 e5 6. Ndb5 d6 7. Bg5 a6 8. Na3 b5 9.
Nd5 Be7 10. Bxf6 Bxf6 11. c3 Bg5 12. Nc2 Ne7 13. h4 Bh6 14. a4 bxa4 15. Ncb4
O-O 16. Qxa4 a5 17. Bb5 Nxd5 18. Nxd5 Be6 (18... Kh8 19. b4 f5 20. Bc6 Ra7 21.
exf5 Bxf5 22. bxa5 Bd3 23. Bb5 Bxb5 24. Qxb5 Raf7 25. O-O Qxh4 26. Qe2 Bf4 27.
g3 Bxg3 (27... Qh3 $1) 28. fxg3 Qxg3+ 29. Qg2 Rxf1+ 30. Rxf1 Rxf1+ 31. Kxf1
Qd3+ 32. Kg1 e4 33. Qf2 Qd1+ 34. Qf1 Qg4+ 35. Kf2 h5 36. Ke1 Qg5 37. Qc4 h4 38.
a6 Qg3+ 39. Kd2 h3 40. a7 Qf2+ 41. Kc1 {
(1-0 Karjakin,S (2678) - Shirov,A (2715)/Wijk aan Zee NED 2007).}) 19. Bc6 Rb8
20. b4 $146 {Íàñêîëüêî ÿ ïîíÿë, - æåðòâà ïåøêè ðàäè äàâëåíèÿ â ýíäøïèëå.} ({
Ðàíåå èãðàëè ïîñêðîìíåå} 20. b3 Kh8 {È èíîãäà áåëûå ÷óäèëè:} 21. g3 $2 (21.
Qxa5 Qxa5 (21... Rxb3 $5 22. Qxd8 Rxd8 23. O-O f5) 22. Rxa5 Rxb3 23. O-O Bxd5
24. Bxd5 Rxc3 {(1/2 Zinchenko,Y (2485)-Zhao Jun (2533)/ICC INT 2006).}) 21...
Bg4 22. O-O Bf3 23. Rfe1 Qc8 $36 24. Bd7 Qb7 25. b4 axb4 26. cxb4 f5 $1 $17 27.
Qc6 Bd2 28. Qxb7 Rxb7 29. Bc6 Rbb8 30. Reb1 Bxe4 31. Rb3 Bxd5 32. Bxd5 Rxb4 33.
Rxb4 Bxb4 34. h5 g6 35. hxg6 hxg6 36. Ra8 Rxa8 37. Bxa8 Kg7 38. f3 Kf6 39. Bd5
e4 $1 40. fxe4 Ke5 41. Bf7 fxe4 42. Bxg6 d5 43. Kf2 d4 44. g4 d3 45. g5 Be7 46.
Ke1 Bxg5 47. Kd1 Kd4 48. Bh5 e3 49. Bf3 Be7 {
(0-1 Volokitin,A (2645) - Timofeev,A (2662)/Lugo 2006).}) 20... axb4 21. cxb4
Bxd5 22. Bxd5 ({
Êàê ÷åëîâåê, íèêîãäà íå èãðàâøèé ÷åëÿáèíñêèé âàðèàíò ÷¸ðíûìè, «ðàçáåðó» è
} 22. exd5 $6 Qf6 23. b5 {, íî ïîñëå} e4 $1 $40 {
ïðè æåëàíèè âñ¸ áûñòðî çàêðóãëÿåòñÿ} 24. O-O Qxh4 25. Qd4 Bf4 $5 (25... Bg5
$142 $1) 26. g3 Bxg3 27. fxg3 Qxg3+ 28. Kh1 {- âå÷íûé øàõ ó ÷¸ðíûõ â êàðìàíå}
) 22... Qb6 23. O-O $1 {Íàñòðàèâàÿñü íà äîëãóþ áîðüáó ñ êîìôîðòîì} ({
Õîòÿ, âû çíàåòå, ïîñëå} 23. Rb1 $5 Bd2+ $5 24. Kxd2 (24. Ke2) 24... Qxf2+ 25.
Kd3 $1 {Rybka îáåùàåò áåëûì íåêîòîðûé ïåðåâåñ! Íî ÷åëîâåêó òóò ëåã÷å,
ïî-ìîåìó, èãðàòü ÷¸ðíûìè. Íó, ÿ è íà÷àë ïðåäëàãàòü õîäèêè:} Qg3+ 26. Kc2 Qxg2+
27. Kb3 Kh8 28. Rbc1 f5 29. Qc6 Qf3+ (29... f4 30. h5 $1) 30. Qc3 fxe4 31. Qxf3
exf3 32. Rhf1 f2 (32... Rf4 33. Rc4) 33. Rc2 Rf4 34. Rc4 Rff8 35. Kc3 {
, è êîðîëü èä¸ò ê ïåøêå f2...}) 23... Qxb4 24. Qxb4 (24. Qd7 $5 Kh8 $1 25. Bxf7
$140 Rb7 26. Qe6 Qxe4 ({íî íå} 26... Rbxf7 $4 27. Qxf7 $1)) 24... Rxb4 25. Ra7
({Ðàçóìååòñÿ, ïåøêà íà d6 íèêóäà íå óáåæèò è íèêîãî íå èíòåðåñóåò. Ïîýòîìó è
íå áûëî ñûãðàíî} 25. Ra6) 25... Bd2 26. Rfa1 h5 27. Rd7 Kh7 28. Raa7 {
Áåëûå çà êàêóþ-òî ïàðó õîäîâ íàêîïèëè íåâèäàííóþ «ìîùó»!} Rb1+ ({
Âèäèìî, òîíüøå áûëî} 28... Rb2 $1 29. Bxf7 $140 ({ïîñëå} 29. Rxf7 Rxf7 30. Rxf7
Kh6 {íåïîíÿòíî ÷åãî äîáèëèñü áåëûå} 31. Rd7 Bb4 32. Rb7 Ba3) 29... Be1 $1 30.
Bxh5 $4 Bxf2+ {- ëàäüÿ íà à7!}) 29. Kh2 Rf1 30. Rxf7 $6 (30. Ra2 $5 Rxf2 $140
$2 ({ïðàâèëüíî, êîíå÷íî,} 30... Bb4 $1) {è êîðîëü âûêàçûâàåò ðåäêóþ ïðûòü:}
31. Kg3 Re2 32. Kf3 Re3+ 33. Kf2 Rd3 34. Ke2 Rg3 35. Rxd2 Rxg2+ 36. Kd3 $16)
30... Rxf7 {Ïðè÷èíó ýòîãî õîäà ÿ âèæó òîëüêî îäíó. Äìèòðèé ßêîâåíêî ðåøèë åù¸
ïîêàçàòü ñâîþ ýíäøïèëüíóþ òåõíèêó. ;)} ({Ìíå, èç ìîåãî ðîñòîâñêîãî äàëåêà,
ìíèëîñü ïîíà÷àëó, ÷òî «ïðîùå» áûëî ñäåëàòü íè÷üþ â àêòèâíîì ñòèëå:} 30...
Bf4+ $1 31. g3 Rxf2+ 32. Kg1 (32. Kh3 $2 Rxf7 33. Rxf7 Rf3 $1 {
è «ñîòâîðÿòü» íè÷üþ, ïðè÷¸ì â ìóêàõ, áóäóò óæå áåëûå}) ({òîãî æå ïîøèáà è
} 32. Kh1 $2 Rxf7 33. Bxf7 Bxg3 34. Bxh5 Bxh4 $17) 32... Be3 $1 (32... Rxf7 $4
33. Rxf7 Bxg3 34. Rxf2) 33. Rxg7+ Kh6 (33... Kh8 $4 34. Rh7#) 34. Rh7+ Kg6 35.
Rag7+ ({ïîñëå} 35. Rhg7+ {õîäà} Kf6 $4 36. Raf7+ $140 Rxf7 37. Rxf7+ Kg6 38.
Rxf2 {áåëûå, êîíå÷íî æå, íå äîæäóòñÿ.}) 35... Kf6 36. Kh1 $5 ({ïîñëå} 36. Rf7+
Kg6 {íàäî îïÿòü äàâàòü øàõ ëàäü¸é íà g7...}) 36... Rc8 $1 (36... Rb8 $143 37.
Bb7 $1 {è ïðèõîäèò òðóáèòü îòáîé:} Bh6 38. Rd7 Kg6 39. Rhe7 Rf6) ({èëè} 36...
Bh6 $5 37. Rg8 Rxg8 38. Rf7+ Kg6 39. Rxf2 Rf8 $11) 37. Rf7+ Kg6 38. Rhg7+ (38.
Rfg7+ Kf6 {- ïîâòîð, îäíàêî}) 38... Kh6 39. Rxf2 Bxf2 40. Rg5 (40. Rd7 Bxg3 41.
Rxd6+ Kg7 $11) 40... Rf8 $1 41. Kg2 Be1 42. Kh3 Rf6 43. Rg8 Rg6 $11 {
, è ïîñëå ðàçìåí ëàäåé äàëüíåéøàÿ èãðà ñòàíîâèòñÿ «íåïðèëè÷íîé»}) 31. Rxf7
Be1 32. Kg3 Bb4 33. Bc4 Rc1 34. Be6 {Áåëûå õóäî-áåäíî, íî àêòèâèçèðîâàëèñü.}
Bd2 35. Bf5+ {Ïîâòîðÿåì õîäû... Êîíòðîëü áëèçêî} ({
Ïîíà÷àëó ìíå êàçàëàñü âåñüìà ïëîäîòâîðíîé ñëåäóþùàÿ èäåÿ -} 35. Kf3 $5 Ba5
$140 $6 36. Bf5+ Kg8 37. Bg6 Rc3+ 38. Ke2 Rc2+ 39. Kd1 $1 Rc7 40. Rf5) ({
Íî ó ÷¸ðíûõ åñòü êðàñèâàÿ ìûñëü íà} 35. Kf3 {À èìåííî:} Rc3+ 36. Ke2 Rc2 $1
37. Kd1 Rb2 38. Bf5+ Kg8 (38... Kh6 $2 39. Re7 g6 40. Re6 {
- âîò è ïåøêà ëèøíÿÿ ó áåëûõ îáðàçîâàëàñü.}) 39. Bg6 Be3 $3 40. fxe3 Rxg2 41.
Bxh5 g6 42. Bxg6 Rxg6 $11 {
Ýòî, äðóçüÿ ìîè, íàçûâàåòñÿ ¸ìêî è çíà÷èòåëüíî: «ãëóáèíà øàõìàò»! ;)}) ({
È âîò åù¸ îäèí ñâåæåíüêèé ïðèìåð òîé ñàìîé ãëóáèíû} 35. Kf3 Rc3+ 36. Ke2 Rc2
37. Kd1 Rb2 {è òåïåðü} 38. g3 $1 Bc3 39. Bf5+ Kg8 40. Bg6 Bd4 41. f4 $1 exf4
$142 ({îïàñíî} 41... Rb1+ 42. Kd2 Rb2+ 43. Kd3 Rb3+ 44. Kc4 Rxg3 45. f5 {è ò.ä.
}) 42. Re7 $1 Rb8 43. gxf4 Bf6 44. Rd7 Bxh4 45. Bxh5 (45. Rxd6 Bg3 46. Bxh5
Bxf4 $11) 45... Rd8 46. Ra7 Rf8 47. f5 d5 $1 $11 {
. Äîñêð¸á äî ñàìîãî äîíûøêà ãëóáèíû øàõìàò!}) 35... Kg8 36. Be6 g6 37. Kh2 Kh8
38. g3 Rc2 39. Kg2 Bb4 40. Bb3 Re2 {
Êîíòðîëü ïðîø¸ë, íà÷èíàåì âäóìûâàòüñÿ â ïîçèöèþ. Ïî âèäó - áèòàÿ íè÷üÿ...}
41. Bd1 Ra2 42. Bb3 Re2 43. Ba4 Bc5 44. Be8 {
È ïåøêè íà÷èíàþò èñ÷åçàòü ñ äîñêè...} Rxe4 45. Rf6 Re2 {Ïîäñòàâà! ;)} ({
Õèòðî âûãëÿäåëî} 45... Rb4 $5 46. Rxg6 $140 (46. Bxg6 $144 Kg7 47. Re6 Rb2 {
, èáî ÿâëÿåòñÿ âñåãî ëèøü ïåðåñòàíîâêîé õîäîâ}) 46... Rb8 $1 47. Rh6+ Kg7 48.
Re6 Rb2 49. Bxh5 Rxf2+ 50. Kh3 Rf6 $11) 46. Bxg6 Kg7 $1 {
Èçÿùíî! È, ïîõîæå, ÷òî ïðàâèëüíî.} ({Èíòåðåñíî áûëî è} 46... Rb2 $5 47. Bxh5
$140 ({íàäî ñìîòðåòü è} 47. Rf5 $5 {
, ïðåïÿòñòâóÿ ïðîäâèæåíèþ d5 â êîíöå ðàññìàòðèâàåìîãî íèæå âàðèàíòà...}) 47...
e4 $1 48. Kf1 Rb1+ 49. Ke2 Rb2+ 50. Ke1 Rb1+ 51. Bd1 Bb4+ 52. Ke2 d5 $1 53. f3
(53. Rc6 $6 d4 54. Rc4 Bc3) 53... Kg7 54. Rf5 Rb2+ 55. Ke3 Rd2 $1 56. Be2 (56.
fxe4 $2 d4+) 56... d4+ 57. Kxe4 Rxe2+ 58. Kxd4 Be1 {
- ïîõîæå íà ðàâåíñòâî, îäíàêî ýòî âñ¸ íå ôîðñèðîâàííî, äà è íå íóæíî...}) 47.
Bxh5 Kxf6 48. Bxe2 e4 49. g4 d5 50. Bb5 d4 51. Bc6 e3 $1 {
Âûãëÿäèò îïàñíûì, íî ýòî òîëüêî âèäèìîñòü.} 52. fxe3 dxe3 53. Bb5 e2 $1 {
Âîò ÷òî çíà÷èò òåõíèêà íà óðîâíå! Ïåøêà «å» ÷¸ðíûì, îêàçûâàåòñÿ, ñîâåðøåííî
íå íóæíà!} 54. Bxe2 Be3 55. Bd3 ({Çàùèòà òóò ýëåìåíòàðíà - ÷¸ðíûå ïðîñòî
ñòîÿò íà ìåñòå, à åñëè êîðîëü áåëûõ íà÷èíàåò òåëåïàòü â îáõîä -} 55. Kf3 Bd2
56. Ke4 {, òî ïîñëå} (56. g5+ Bxg5) 56... Be1 57. h5 Kg5 {
äàëüíåéøàÿ èãðà áóäåò íàïîìèíàòü ôàðñ.}) 1/2-1/2

[Event "Aerosvit 2007"]
[Site "Foros RUS"]
[Date "2007.06.26"]
[Round "8"]
[White "GM Karjakin, Sergey(UKR)"]
[Black "GM Nisipeanu, Liviu-Dieter(ROM)"]
[Result "1/2-1/2"]
[WhiteElo "2686"]
[BlackElo "2693"]
[Annotator "Ëåáåäåâ Âàñèëèé"]
[PlyCount "36"]
[EventDate "2007.06.26"]

{Îòñóòñòâèå äëèòåëüíîé áîðüáû è îòñóòñòâèå (íàïðî÷ü!) ïîçíàíèé î äåáþòå
ñëåäóþùåé ïàðòèè ïîçâîëÿåò ïðåäàòüñÿ áåçóäåðæíîé ãðàôîìàíèè.} 1. e4 c5 2. Nf3
e6 3. d4 cxd4 4. Nxd4 Nf6 5. Nc3 d6 6. Be3 ({Àòàêó Êåðåñà (} 6. g4 {
)  ìû íå óâèäèì...}) 6... Be7 7. f4 O-O 8. Qf3 e5 ({
Íå ìîãó íå ïðèâåñòè òóò îäíó ïàðòèþ... ;)} 8... Nc6 9. O-O-O e5 $2 10. Nxc6
bxc6 11. fxe5 dxe5 $4 12. Rxd8 Rxd8 13. Bc4 Bg4 14. Qg3 Bd6 15. Bg5 h5 16. Bxf6
gxf6 17. h3 {(1-0 Vasia - Yannick/www.playchess.de 2004/MegaCorr4).}) 9. Nf5
Bxf5 10. exf5 Nbd7 11. O-O-O {Íîãà ýëèòíûõ (<2600) ñþäà ïîêà íå ñòóïàëà.} Rc8
(×àùå èãðàëè} 11... Qa5 {
, è âîò îòíîñèòåëüíî íåäàâíÿÿ ïàðòèÿ ñàìûõ ñèëüíûõ (ñîãëàñíî ðåéòèíãà) èãðîêîâ.
} 12. g4 Rac8 13. Bd2 e4 14. Qh3 d5 15. g5 d4 16. gxf6 Nxf6 17. Nxe4 Qxa2 18.
Nxf6+ Bxf6 19. Qa3 Rxc2+ 20. Kxc2 Rc8+ 21. Bc4 d3+ 22. Kxd3 Qxc4+ 23. Ke3 Re8+
24. Kf3 Qe2+ 25. Kg3 h5 26. Rhe1 Bh4+ {
(0-1 Ionov,S (2558) - Yashtylov,A (2319)/Samara 2000).}) 12. Kb1 $146 Rxc3 $1 {
Êàê è ïðûæîê áåëîãî  êîíÿ íà d5, òàê è ýòà æåðòâà êà÷åñòâà ÿâëÿåòñÿ òèïîâûì
ïðè¸ìîì.} 13. bxc3 d5 $1 (13... Qa5 $143 $5 14. fxe5 dxe5 15. Bc4 Rc8 16. Bb3
Rxc3 {, è íà÷èíàåòñÿ òàêòè÷åñêîå ôåõòîâàíèå} 17. Bd2 $1 Rxf3 18. Bxa5 Rf2 19.
g4 $1 h6 20. Be1 (20. h4 Nc5 21. g5 Nfe4 22. g6 Nxb3 23. axb3 fxg6 24. fxg6)
20... Rf3 21. Bd5 Rf4 22. Bxb7 Rxg4 23. Rf1 {
- ôåõòîâàíèå ïðèâåëî ê ïîçèöèè ñ áîëüøèì ïåðåâåñîì áåëûõ.}) 14. Rxd5 {
È ëèäåð ðåøèë ñâåðíóòü èãðó.} e4 (14... Nxd5 $5 15. Qxd5 Qc7 16. fxe5 Qxc3 17.
Bd2 Qxe5 18. Qxe5 (18. Qxd7 $4 Bf6) 18... Nxe5 19. Be2 {- äâà, ñëîíà, ýíäøïèëü}
) 15. Qd1 Nxd5 16. Qxd5 Nb6 17. Qxd8 ({Â ñëó÷àå} 17. Qxe4 {ëþáîïûòíî} Bf6 $5
(17... Qd1+ $142 18. Kb2 Rc8 $1 {
(Íîòêèí, https://chesspro.ru/chessonline/onlines/index_420.html)} 19. Qxe7 Na4+
20. Kb3 Qb1+ $1 ({ïîñëå} 20... Rxc3+ $2 21. Kb4 $1 {- îñòà¸òñÿ òîëüêî ïîâåðèòü
«ìàøèíêàì», óòâåðæäàþùèì, ÷òî òóò ó áåëûõ âûèãðàíî!}) 21. Kxa4 Qxc2+ {
- âå÷íûé øàõ}) 18. Bd4 Na4 19. Bc4 b5 20. Bb3 Nxc3+ 21. Bxc3 Bxc3 22. Qd3 Qf6
{ñî «ñêâîçíÿêîì» ïî áîëüøîé ÷¸ðíîé äèàãîíàëè...}) ({
È åù¸ îäèí âàðèàíò, î÷åðåäíàÿ êðàñèâàÿ «ðûáà»:} 17. Qxe4 Qd1+ 18. Kb2 Rc8
19. Bxb6 $6 Ba3+ $3 20. Kxa3 (20. Kb3 $4 Qb1+ 21. Kxa3 ({èëè} 21. Ka4 axb6 $19)
21... Rxc3+ 22. Ka4 Qxa2+ 23. Kb4 Qa3+ 24. Kb5 a6#) 20... Qc1+ 21. Ka4 $1 (21.
Kb3 $143 Qb1+ 22. Ka4 axb6 $19) 21... axb6 22. Ba6 $8 (22. Bc4 $143 Ra8+ 23.
Kb5 Qa3 24. Bxf7+ Kh8 25. Kc4 Ra4+ 26. Kd3 Rxe4 27. Kxe4 Qxc3 28. Bb3 Qc6+ 29.
Kd3 Qxg2 $17) (22. Qb4 $2 Qxc2+ 23. Kb5 Qxf5+ 24. Ka4 Qc2+ 25. Qb3 Qd2 $19)
22... Qxh1 ({ñëèøêîì ïðîñòî} 22... Qb2 23. Bxb7 Qxa2+ 24. Kb4 Qb2+ 25. Ka4) 23.
Bxb7 Rf8 24. f6 $1 gxf6 25. Qf5 $1 Qb1 26. Ka3 (26. Bd5 $5) 26... Qc1+ 27. Kb3
Qb1+ 28. Ka3 Qc1+) 17... Rxd8 18. Bb5 Nd5 {È ñòîðîíû ñîãëàñèëèñü, íå ñòàâ
âûÿñíÿòü, ÷òî â ýòîé ïîçèöèè ìîæåò ïîëó÷èòüñÿ äàëüøå.} (18... Nd5 19. Bd4 Bc5
$5 (19... Bf6 $11 {(Íîòêèí), à ìíå ìíèòñÿ, ÷òî ó ÷¸ðíûõ òóò ïîëó÷øå}) 20.
Bxc5 Nxc3+ 21. Kc1 $140 (21. Kb2 $142 Nxb5 22. Re1 b6 23. Bb4 Re8 24. Rd1 $1 e3
25. Be1 $1) 21... Nxb5 (21... Rc8 $5) 22. a4 Rc8 23. Rd1 h5 24. Bd4 Na3 25. c3
Nc4 {Ëþáîïûòíî... Óæ áîëüíî õîðîø ÷¸ðíûé êîíü...}) 1/2-1/2